000 00603nam a2200241Ia 4500
003 OSt
005 20220918221152.0
006 a|||||r|||| 00| 0
007 ta
008 220917b |||||||| |||| 00| 0 eng d
024 _a148,573
037 _cTextual
040 _aARTS
_cARTS
_beng
041 _2eng
_aeng
082 _aTb3, K8
100 _aPatel I H ed
_9139396
245 0 _aReadings in in-service education
260 _c1968
650 _aEDUCATION
700 _a Buch M B ed
_9139397
942 _hTb3, K8
_cTEXL
_2CC
999 _c271250
_d271250